| 000 | 00770nam a2200205 a 4500 | ||
|---|---|---|---|
| 008 | 120416s1998 ||||||||||||||||| || u | ||
| 020 | _a0761955917 | ||
| 050 | _aHD 6961.2 Int | ||
| 100 | _aLansbury, Russell D | ||
| 245 | 1 | 0 |
_aInternational and comparative employment relations _cedited by Greg J. Bamber |
| 246 | _aa study of industrialised market economies | ||
| 250 | _arev. ed. | ||
| 260 |
_aLondon _bSAGE Publications _c1998 |
||
| 300 | _axiii, 442p. : ill. | ||
| 350 | _a0.00 | ||
| 650 | 0 | _aINDUSTRIAL RELATIONS | |
| 650 | _aINDUSTRY | ||
| 856 | _uhttp://lcweb.loc.gov/catdir/toc/98-60249.html | ||
| 995 |
_D0.00 _FCBU-MAIN LIBRARY (Kitwe) _H1 _I19.95 _M1 _UAVAILABLE _ZMain Library Open Access Collection |
||
| 999 |
_c47279 _d47279 |
||